[Event "TCh-HUN 2011-12"]
[Site "Budapest HUN"]
[Date "2012.02.19"]
[Round "6"]
[White "Bakos,B"]
[Black "Rigo,Ja"]
[Result "1-0"]
[WhiteElo "2390"]
[BlackElo "2319"]

1.d4 Nf6 2.c4 e6 3.Nf3 b6 4.g3 Ba6 5.Qa4 c6 6.Bg2 b5 7.cxb5 Bxb5 8.Qc2 Na6
9.Nc3 Nb4 10.Qd1 a5 11.a3 Nbd5 12.Nxb5 cxb5 13.O-O Be7 14.Qd3 b4 15.Bd2 O-O
16.Rfc1 Qb6 17.Ne5 Rfc8 18.a4 d6 19.Nc4 Qa6 20.b3 Rc7 21.Bf1 Rac8 22.Qf3 Nc3
23.Bxc3 bxc3 24.e4 Qa7 25.d5 exd5 26.exd5 Ne8 27.Na3 Rc5 28.Bc4 Nc7 29.Nb1 Bf6
30.Nxc3 Bxc3 31.Rxc3 Nxd5 32.Rd3 Nb6 33.Rxd6 Nxc4 34.bxc4 Rxc4 35.Qd5 Qe7
36.Rd1 Rxa4 37.Qb7 Qf8 38.Qxc8  1-0

[Event "TCh-CZE Liga1 Vychod"]
[Site "Czech Rep CZE"]
[Date "2012.02.26"]
[Round "9"]
[White "Jaworski,Mi"]
[Black "Cvek,R"]
[Result "0-1"]
[WhiteElo "2320"]
[BlackElo "2518"]

1.d4 Nf6 2.c4 e6 3.Nf3 b6 4.g3 Ba6 5.b3 b5 6.cxb5 Bxb5 7.Nc3 Ba6 8.Bg2 Bb4
9.Bd2 d5 10.O-O Nbd7 11.a3 Be7 12.Re1 O-O 13.Bf4 c5 14.dxc5 Nxc5 15.Ne5 Rc8
16.b4 Ncd7 17.Qa4 Nxe5 18.Bxe5 Ng4 19.Qxa6 Nxe5 20.Nb5 Rb8 21.Nd4 Qd7 22.e3 Rfc8
23.Qe2 Bf6 24.b5 Nc4 25.a4 a6 26.bxa6 Bxd4 27.exd4 Rb6 28.Ra2 Rxa6 29.Rea1 Qa7
30.Qd1 Ra5 31.Bf1 Nd6 32.Bd3 g6 33.Qd2 Rb8 34.h4 h5 35.Kg2 Rb3 36.Bc2 Rb6
37.Bd3 Kg7 38.Qc3 Nc4 39.Be2 Rba6 40.Bd1 Rc6 41.Be2 Qb6 42.Qd3 Qa7 43.Qc3 Rc7
44.Qb4 Ra6 45.Qc3 Rac6 46.Rd1 Nd6 47.Qd2 Ne4  0-1

[Event "Caissa GM Feb 2012"]
[Site "Kecskemet HUN"]
[Date "2012.02.26"]
[Round "9.1"]
[White "Kislik,E"]
[Black "Nagy,Ga1"]
[Result "1-0"]
[WhiteElo "2380"]
[BlackElo "2354"]

1.d4 Nf6 2.c4 e6 3.Nf3 b6 4.g3 Ba6 5.b3 d5 6.Bg2 c6 7.Nbd2 Nbd7 8.O-O Be7
9.Re1 O-O 10.e4 Rc8 11.e5 Ne8 12.cxd5 cxd5 13.Nf1 Nc7 14.Bb2 Nb5 15.Qd2 Nb8
16.a4 Nc7 17.Ne3 Nc6 18.Rec1 Qd7 19.Ne1 Rfd8 20.Nd3 Na5 21.Qd1 Ne8 22.Bf1 Rxc1
23.Rxc1 Rc8 24.Nc5 bxc5 25.Bxa6 Rb8 26.Bb5 Qd8 27.dxc5 Nc7 28.b4 Nxb5 29.axb5 Rxb5
30.Qa4 Qb8 31.c6 Rxb4 32.Qxa5 Rxb2 33.c7 Qc8 34.Nc2 h5 35.Nd4 Bb4 36.Qa1 Rd2
37.Nb5 a6 38.Nd6  1-0

[Event "PriFO Champ RUS 2012"]
[Site "Tolyatti RUS"]
[Date "2012.02.28"]
[Round "2.15"]
[White "Vafin,A"]
[Black "Isajevsky,A"]
[Result "0-1"]
[WhiteElo "2171"]
[BlackElo "2426"]

1.d4 Nf6 2.c4 e6 3.Nf3 b6 4.g3 Ba6 5.Qa4 Bb7 6.Bg2 c5 7.O-O cxd4 8.Nxd4 Bxg2
9.Kxg2 Qc8 10.Nc3 Be7 11.e4 O-O 12.f3 a6 13.Be3 Ra7 14.Rac1 d6 15.Nce2 Rc7
16.Rc3 Nbd7 17.Rfc1 Qb7 18.Qd1 Ne5 19.b3 Rd8 20.h3 Nfd7 21.g4 Nc5 22.Ng3 Ng6
23.g5 Rcd7 24.b4 Rc7 25.Qe2 Nd7 26.b5 Rdc8 27.Nc6 Bf8 28.f4 Nb8 29.Nxb8 Rxb8
30.bxa6 Qxa6 31.Qf2 Rbc8 32.Rb1 Rxc4 33.Rxc4 Rxc4 34.Rxb6 Qa8 35.Kh2 d5 36.f5 exf5
37.exf5 Ne5 38.Ne2 Re4 39.Ng3 Rxe3 40.Qxe3 Bc5  0-1

[Event "TCh-ISR 2011-12"]
[Site "Israel ISR"]
[Date "2012.03.02"]
[Round "11.6"]
[White "Borsuk,A"]
[Black "Ruderfer,M"]
[Result "1/2-1/2"]
[WhiteElo "2257"]
[BlackElo "2290"]

1.d4 Nf6 2.c4 e6 3.Nf3 b6 4.g3 Ba6 5.Qc2 Bb7 6.Bg2 c5 7.dxc5 Bxc5 8.O-O Be4
9.Qd1 O-O 10.Nc3 Bc6 11.a3 Be7 12.Qd3 a6 13.e4 d6 14.h3 Qc7 15.Rd1  1/2-1/2

[Event "PriFO Champ RUS 2012"]
[Site "Tolyatti RUS"]
[Date "2012.03.03"]
[Round "7.24"]
[White "Mikheev,S"]
[Black "Uraev,I"]
[Result "1-0"]
[WhiteElo "2259"]
[BlackElo "2218"]

1.d4 Nf6 2.c4 e6 3.Nf3 b6 4.g3 Ba6 5.Qc2 Bb7 6.Bg2 c5 7.d5 exd5 8.cxd5 d6
9.O-O Be7 10.Nc3 O-O 11.e4 Nbd7 12.Bf4 Nh5 13.Be3 a6 14.a4 Rb8 15.Nd2 Nhf6
16.h3 Bc8 17.Nc4 Ne5 18.Nxe5 dxe5 19.Rfd1 Bd6 20.Bf1 Ne8 21.Kg2 g6 22.Bh6 Ng7
23.Bd3 f5 24.Qe2 f4 25.Kh2 Ra8 26.Rh1 Rf7 27.gxf4 exf4 28.e5 f3 29.Qe4 Bf5
30.exd6 Bxe4 31.Nxe4 Nf5 32.Bf4 h6 33.Rhg1 Kh7 34.Rg4 c4 35.Bxc4 Qf8 36.Bd3 Re8
37.Rag1 Rxe4 38.Bxe4 g5 39.Bxg5 hxg5 40.Rxg5 Qxd6+ 41.R1g3 Kh6 42.Bxf5 Rxf5
43.Rxf5 Qb4 44.Rf6+ Kh7 45.Rfxf3 Qxb2 46.Rf4  1-0

[Event "2nd HD Bank Cup 2012"]
[Site "Ho Chi Minh City VIE"]
[Date "2012.03.04"]
[Round "4.42"]
[White "Nguyen Tan Hoang Nam"]
[Black "Ton,T"]
[Result "0-1"]
[WhiteElo "1810"]
[BlackElo "2177"]

1.d4 Nf6 2.c4 e6 3.Nf3 b6 4.g3 Ba6 5.Qc2 Bb4+ 6.Bd2 Be7 7.Bg2 c6 8.O-O O-O
9.Ne5 d5 10.Rd1 Nfd7 11.cxd5 cxd5 12.Bc3 Nxe5 13.dxe5 Nc6 14.Qa4 Qc8 15.Qg4 Qc7
16.f4 Bc5+ 17.Kh1 Rac8 18.a3 Nd4 19.Re1 Nc2 20.Nd2 Be3 21.Rac1 Nxe1 22.Rxe1 Bxd2
23.Bxd2 Qc2 24.Bb4 Rfe8 25.Bd6 Bxe2 26.Qh4 Bd3 27.g4 Rc4 28.Qg3 Be4 29.Bxe4 Rxe4
30.Rf1 Qe2 31.Rf2 Qe1+ 32.Kg2 Re2 33.Rxe2 Qxe2+ 34.Kh3 Rc8 35.Bb4 Rc4 36.Kh4 h6
37.b3 Rxf4  0-1

[Event "TCh-AUT 2 Mitte 2011-12"]
[Site "St. Veit AUT"]
[Date "2012.03.04"]
[Round "9"]
[White "Kilgus,G"]
[Black "Wertjanz,Dav"]
[Result "1/2-1/2"]
[WhiteElo "2427"]
[BlackElo "2257"]

1.d4 Nf6 2.c4 e6 3.Nf3 b6 4.g3 Ba6 5.Nbd2 d5 6.Bg2 Be7 7.O-O O-O 8.b3 c5
9.cxd5 exd5 10.Ne5 cxd4 11.Bb2 Bc5 12.Ndf3 Re8 13.a3 Ne4 14.b4 Bf8 15.Bxd4 f6
16.Ng4 Bb7 17.Bb2 a5 18.Qb3 a4 19.Qa2 Na6 20.Rfd1 Nc7 21.Ne3 Qd7 22.Rac1 Rac8
23.Nc4 Na8 24.Ne3 Nc7 25.Nd2 Ng5 26.h4 Nf7 27.Nf3 Bd6 28.Bd4  1/2-1/2

[Event "ch-Moscow S/F 2012"]
[Site "Moscow RUS"]
[Date "2012.03.06"]
[Round "9"]
[White "Demianjuk,A"]
[Black "Dogodkina,J"]
[Result "1-0"]
[WhiteElo "2313"]
[BlackElo "2161"]

1.d4 Nf6 2.c4 e6 3.Nf3 b6 4.g3 Ba6 5.Qa4 Bb7 6.Bg2 Be7 7.O-O Nc6 8.Rd1 Na5
9.Bd2 Bc6 10.Qc2 Be4 11.Qc1 Nb7 12.Nc3 Bg6 13.Ne5 Rb8 14.Nxg6 hxg6 15.e4 O-O
16.Qc2 Nh7 17.e5 Bb4 18.a3 Bxc3 19.Bxc3 d5 20.cxd5 exd5 21.Bb4 Na5 22.Bxf8 Nxf8
23.Rac1 c6 24.Bf1 b5 25.f4 Qb6 26.Bh3 Nc4 27.Rd3 Ne6 28.Bxe6 fxe6 29.b3 Na5
30.Qc5 Qxc5 31.Rxc5 Rb6 32.Rdc3 Kf7 33.a4 b4 34.Rc2 Nxb3 35.Rxc6 Nxd4 36.Rxb6 axb6
37.Rc7+ Kg8 38.Kf2 g5 39.fxg5 Kh7 40.Ke3 b3 41.Rc1 Nc2+ 42.Kd3 Nb4+ 43.Kd2 b2
44.Rb1 Nc6 45.Rxb2 Nxe5 46.Kc3 Nc4 47.Rb4 Kg6 48.Rxc4 dxc4 49.h4 Kf5 50.Kxc4 e5
51.Kd3  1-0

[Event "Zagreb Open A"]
[Site "Zagreb CRO"]
[Date "2012.03.07"]
[Round "3.11"]
[White "Doric,D"]
[Black "Bender,I"]
[Result "1-0"]
[WhiteElo "2520"]
[BlackElo "2272"]

1.d4 Nf6 2.c4 e6 3.Nf3 b6 4.g3 Ba6 5.Qa4 c5 6.Bg2 Bb7 7.dxc5 bxc5 8.O-O Be7
9.Rd1 O-O 10.Nc3 Ne4 11.Nxe4 Bxe4 12.Bf4 d6 13.Rd2 Qb6 14.Rad1 e5 15.Bg5 f6
16.Be3 Bc6 17.Qc2 Na6 18.Nh4 Rfd8 19.Bh3 Be8 20.Be6+ Kh8 21.Bf5 g5 22.Ng2 h6
23.f3 Nb4 24.Qb1 Nc6 25.Bf2 Kg7 26.Ne3 Bf8 27.Be4 Rac8 28.Nf5+ Kf7 29.Bd5+  1-0

[Event "TCh-NED Meesterklasse 2011-12"]
[Site "Netherlands NED"]
[Date "2012.03.10"]
[Round "7.4"]
[White "Van der Stricht,G"]
[Black "Chuchelov,V"]
[Result "1/2-1/2"]
[WhiteElo "2365"]
[BlackElo "2538"]

1.d4 Nf6 2.c4 e6 3.Nf3 b6 4.g3 Ba6 5.b3 d5 6.cxd5 exd5 7.Bg2 Bb4+ 8.Bd2 Be7
9.O-O O-O 10.Nc3 Bb7 11.Qc2 Na6 12.a3 c5 13.Rfd1 Qc8 14.Bg5 h6 15.Bxf6 Bxf6
16.e3 Qe6 17.Rd2 Qe7 18.dxc5 Nxc5 19.Nd4 Ne4 20.Nxe4 dxe4 21.b4 a5 22.Rb1 Rfc8
23.Qd1 axb4 24.axb4 g6 25.h4 h5 26.Qb3 Qe5 27.Ne2 Rd8 28.Rbd1 Rxd2 29.Rxd2 Rd8
30.Nd4 Kg7 31.Qd1 Ra8 32.Bf1 Qe7 33.b5 Qc5 34.Ne6+ fxe6 35.Rd7+ Kf8 36.Rxb7 Qd5
37.Qxd5 exd5 38.Rxb6 Ke7 39.Ra6 Rc8 40.Ra7+ Kd6 41.Ra6+ Ke7 42.Bh3 Rc1+ 43.Kg2 Rb1
44.Re6+ Kf7 45.Rd6 d4 46.exd4 Rxb5 47.Rd7+ Ke8 48.Rd6 Kf7 49.Re6 Bxd4 50.Rxe4 Bb6
51.Re2 Bd4 52.Rd2 Be5 53.Re2 Bd4 54.Re4 Bb6 55.Be6+ Kf6 56.Bc4 Re5 57.Rf4+ Rf5  1/2-1/2

[Event "European Ind w Rapid 2012"]
[Site "Gaziantep TUR"]
[Date "2012.03.15"]
[Round "6"]
[White "Girya,O"]
[Black "Arabidze,M"]
[Result "1/2-1/2"]
[WhiteElo "2406"]
[BlackElo "2337"]

1.d4 Nf6 2.Nf3 e6 3.c4 b6 4.g3 Ba6 5.Qb3 Nc6 6.Nbd2 Na5 7.Qc3 c5 8.dxc5 bxc5
9.e4 d6 10.a3 Bb7 11.b4 Nc6 12.Bg2 Be7 13.O-O Nd7 14.Bb2 Bf6 15.Qb3 Bxb2
16.Qxb2 Qf6 17.Qb3 Rb8 18.b5 Nd4 19.Nxd4 cxd4 20.Qa4 Nc5 21.Qxa7 Ra8 22.Qb6 e5
23.Nb3 Nxb3 24.Qxb7 O-O 25.Ra2 Nc5 26.Qd5 Na4 27.Qb7 Nc5 28.Qd5 Na4 29.Qb7 Nc5
30.Qd5 Na4 31.Qb7 Nc5  1/2-1/2

[Event "European Ind w Rapid 2012"]
[Site "Gaziantep TUR"]
[Date "2012.03.15"]
[Round "8"]
[White "Goryachkina,A"]
[Black "Arabidze,M"]
[Result "0-1"]
[WhiteElo "2341"]
[BlackElo "2337"]

1.d4 Nf6 2.c4 e6 3.Nf3 b6 4.g3 Ba6 5.Qc2 Bb7 6.Nc3 Bb4 7.Bd2 Bxc3 8.Bxc3 Be4
9.Qd1 O-O 10.Bg2 d6 11.O-O Nbd7 12.Rc1 a5 13.Bh3 Bb7 14.Nd2 Qe7 15.Qc2 e5
16.d5 b5 17.b3 b4 18.Bb2 Nc5 19.e4 Bc8 20.Bg2 h5 21.f4 h4 22.f5 c6 23.Rce1 Qa7
24.Kh1 hxg3 25.hxg3 Kh7 26.Nf3 Rh8 27.Bh3 Kg8 28.Kg2 cxd5 29.exd5 a4 30.g4 Bd7
31.Rh1 Qb6 32.Nd2 axb3 33.axb3 Ra2 34.Rhf1 Nh7 35.Ra1 Rxa1 36.Rxa1 Qd8 37.Nf3 e4
38.Ng1 Ng5 39.Qf2 Nd3 40.Qd4 Rh7 41.Rf1 Nxh3 42.Nxh3 Qh4 43.Qe3 Qxg4+ 44.Kh2 Bxf5
45.Rxf5 Qxf5 46.Bd4 Nf4  0-1

[Event "TCh-CZE Liga 1 Zapad"]
[Site "Czech Rep CZE"]
[Date "2012.03.18"]
[Round "10.2"]
[White "Mozny,M"]
[Black "Petenyi,T"]
[Result "0-1"]
[WhiteElo "2346"]
[BlackElo "2347"]

1.d4 Nf6 2.Nf3 e6 3.c4 b6 4.g3 Ba6 5.Bg2 Bxc4 6.Nc3 c6 7.Ne5 Ba6 8.O-O Be7
9.f4 O-O 10.g4 d6 11.g5 Nd5 12.Ng4 Nd7 13.Ne4 f5 14.gxf6 N7xf6 15.Ngxf6+ gxf6
16.f5 e5 17.Bh6 Rf7 18.Rc1 Bf8 19.Bd2 Qd7 20.Qb3 Kh8 21.Rxc6 Qxc6 22.Ng5 Rg7
23.Bxd5 Qe8 24.Kh1 fxg5 25.f6 Rc7 26.f7 Qd8 27.Qg3 h6 28.Rf5 Bb7 29.Bxb7 Rxb7
30.dxe5 Qd7 31.e6 Qxe6 32.Bc3+ Kh7 33.Qd3 Qg6 34.Qf3 Re7 35.h4 Qe6 36.hxg5 Qe4  0-1

[Event "ch-VIE Men 2012"]
[Site "Can Tho VIE"]
[Date "2012.03.24"]
[Round "9"]
[White "Nguyen Huynh Tuan Hai"]
[Black "Tran Ngoc Thach"]
[Result "1/2-1/2"]
[WhiteElo "1790"]
[BlackElo "2212"]

1.d4 e6 2.c4 Nf6 3.Nf3 b6 4.g3 Ba6 5.Bg2 Bxc4 6.Nc3 Ba6 7.Ne5 c6 8.O-O Be7
9.f4 Qc7 10.Re1 d6 11.Nd3 d5 12.Ne5 O-O 13.g4 Nbd7 14.g5 Ne8 15.e4 Bb7 16.Qh5 Nd6
17.Re3 Rfe8 18.Nxd7 Qxd7 19.Rh3 h6 20.Rg3 Bf8 21.gxh6 g6 22.Be3 Kh7 23.Qg4 Be7
24.h4 Rg8 25.Qh3 Qd8 26.h5 gxh5 27.Rxg8 Qxg8 28.Qxh5 Qg6 29.Qxg6+ Kxg6 30.Kf2 Kxh6
31.Rg1  1/2-1/2

[Event "TCh-HUN 2011-12"]
[Site "Budapest HUN"]
[Date "2012.03.25"]
[Round "8"]
[White "Bakos,B"]
[Black "Farago,I"]
[Result "0-1"]
[WhiteElo "2390"]
[BlackElo "2488"]

1.d4 Nf6 2.c4 e6 3.Nf3 b6 4.g3 Ba6 5.Qa4 Bb7 6.Bg2 c5 7.dxc5 bxc5 8.Nc3 Be7
9.O-O O-O 10.Bf4 Qb6 11.Rfd1 Rd8 12.Rd2 Nc6 13.Rad1 Na5 14.Ne5 Bxg2 15.Kxg2 d6
16.Nf3 Nb7 17.e4 h6 18.h3 Ne8 19.e5 Rac8 20.Qb5 f6 21.exf6 Bxf6 22.Qxb6 axb6
23.Nb5 d5 24.Re1 Nbd6 25.Nxd6 Nxd6 26.Bxd6 Rxd6 27.Red1 b5 28.cxb5 Rb6 29.a4 Ra8
30.b3 c4 31.bxc4 dxc4 32.Rd6 Rb7 33.Rc6 Rxa4 34.Nd2 Rd7 35.Rb1 Rxd2 36.b6 Raa2
37.b7 Rxf2+ 38.Kg1 Rg2+  0-1

[Event "ch-VIE Men KO 2012"]
[Site "Can Tho VIE"]
[Date "2012.03.26"]
[Round "1.2"]
[White "Pham Chuong"]
[Black "Hoang Van Ngoc"]
[Result "0-1"]
[WhiteElo "2398"]
[BlackElo "2201"]

1.d4 Nf6 2.Nf3 e6 3.c4 b6 4.g3 Ba6 5.b3 Bb4+ 6.Bd2 Bxd2+ 7.Nbxd2 c5 8.e4 cxd4
9.Nxd4 Nc6 10.Nc2 O-O 11.Bg2 d5 12.exd5 exd5 13.O-O Rc8 14.Ne3 dxc4 15.Ndxc4 Nd4
16.Kh1 b5 17.Ne5 Qb6 18.N5g4 Nxg4 19.Nd5 Qd6 20.Qxd4 Bb7 21.Rad1 Bxd5 22.Bxd5 Qg6
23.Bf3 h5 24.Qxa7 Rc2 25.Rd5 Re8 26.Qd4 Rxa2 27.Rxb5 Qa6 28.Qd7 Re5 29.Bd5 Qf6
30.Bxf7+ Kh7 31.Qd3+ g6 32.Rb7 Nxf2+ 33.Kg1 Kh6 34.Qd7 Re1 35.Bc4 Nh3+ 36.Qxh3 Qf2+
37.Kh1 Rxf1+ 38.Bxf1 Ra1 39.Rf7 Qxf7 40.Kg1 Qa7+ 41.Kg2 Ra2+ 42.Kh1 Qf2  0-1

[Event "European Senior Teams 2012"]
[Site "Rogaska Slatina SLO"]
[Date "2012.03.28"]
[Round "2.1"]
[White "Mishuchkov,N"]
[Black "Opl,K"]
[Result "1-0"]
[WhiteElo "2431"]
[BlackElo "2287"]

1.d4 Nf6 2.Nf3 e6 3.c4 b6 4.g3 Ba6 5.Qa4 c6 6.Nc3 b5 7.cxb5 cxb5 8.Nxb5 Qb6
9.Nc3 Bb4 10.Bg2 O-O 11.O-O Bxc3 12.bxc3 Bxe2 13.Re1 Bb5 14.Qb3 d5 15.Ne5 Rc8
16.Rb1 Bc4 17.Nxc4 Qxb3 18.axb3 Nbd7 19.Ne5 Rxc3 20.Nxd7 Nxd7 21.Bf4 Nb6
22.Bf1 h6 23.Rec1 Rac8 24.Ba6  1-0

[Event "European Senior Teams 2012"]
[Site "Rogaska Slatina SLO"]
[Date "2012.03.30"]
[Round "4.2"]
[White "Pushkov,N"]
[Black "Hohler,P"]
[Result "0-1"]
[WhiteElo "2390"]
[BlackElo "2197"]

1.d4 Nf6 2.Nf3 e6 3.c4 b6 4.g3 Ba6 5.b3 Bb4+ 6.Bd2 Be7 7.Bg2 c6 8.O-O d5
9.Qc2 O-O 10.Rd1 Nbd7 11.Nc3 dxc4 12.e4 cxb3 13.axb3 Bb7 14.e5 Nd5 15.Ne4 c5
16.Neg5 g6 17.Qe4 Kg7 18.h4 h6 19.Nh3 cxd4 20.Nxd4 Nc5 21.Qe2 a5 22.h5 g5
23.Qg4 Kh7 24.Kh2 Rg8 25.Ng1 Qe8 26.Re1 Rd8 27.Nge2 f5 28.Nxf5 exf5 29.Qxf5+ Kh8
30.Nc3 Qxh5+ 31.Kg1 Qg6 32.Qg4 Nb4 33.Bxb7 Rxd2 34.Bg2 Rf8 35.Re2 Rxe2 36.Qxe2 Qc2
37.Qe3 Qd3 38.Rd1 Qxe3 39.fxe3 Rd8 40.Nd5 Nxd5 41.Bxd5 Nd7 42.e6 Nc5 43.Kg2 Nxe6
44.e4 Nc7 45.Kf3 Kg7 46.g4 Bc5 47.Ke2 Nxd5 48.exd5 Kf6  0-1

[Event "TCh-NED Meesterklasse 2011-12"]
[Site "Netherlands NED"]
[Date "2012.03.31"]
[Round "8.5"]
[White "Miedema,D"]
[Black "Hoeksema,E"]
[Result "0-1"]
[WhiteElo "2393"]
[BlackElo "2328"]

1.d4 Nf6 2.c4 e6 3.Nf3 b6 4.g3 Ba6 5.Qc2 d5 6.cxd5 exd5 7.Bg2 Bd6 8.O-O O-O
9.Nc3 Nbd7 10.Nh4 c6 11.Nf5 Bc7 12.Re1 Bb7 13.Bg5 Re8 14.e4 dxe4 15.Nxe4 Re6
16.Bxf6 Nxf6 17.Ng5 Rxe1+ 18.Rxe1 Bd6 19.Bxc6 Bxc6 20.Qxc6 Bb4 21.Rc1 Bd2
22.Nxf7 Kxf7 23.Qb7+ Kg6 24.Nh4+ Kh6 25.Rd1 Bb4 26.Qf3 Qd5 27.Qf4+ Qg5 28.Qc7 Qd5
29.a3 Bf8 30.Re1 g6 31.Ng2 Bd6 32.Qc3 Kg7 33.Ne3 Qf3 34.d5 Bc5 35.b4 Bf8
36.Rd1 Kg8 37.Qc4 Ne4 38.d6+ Kh8 39.Rf1 Rd8 40.Qd4+ Bg7 41.Qd5 Rxd6 42.Qa8+ Bf8  0-1

[Event "28th Budapest Spring Festival"]
[Site "Budapest HUN"]
[Date "2012.04.03"]
[Round "9.9"]
[White "Wang Xinyue"]
[Black "Kearns,C"]
[Result "1-0"]
[WhiteElo "1954"]
[BlackElo "2079"]

1.d4 Nf6 2.c4 e6 3.Nf3 b6 4.g3 Ba6 5.b3 Bb7 6.Bg2 Bb4+ 7.Bd2 c5 8.O-O O-O
9.Bxb4 cxb4 10.Nbd2 d6 11.Qc2 Qc7 12.e4 e5 13.a3 bxa3 14.Rxa3 a5 15.d5 Na6
16.Ne1 Nd7 17.Nb1 Nb4 18.Qd2 Rae8 19.Nc3 Nc5 20.Nc2 Ba6 21.Kh1 Nxb3 22.Rxb3 Bxc4
23.Nxb4 axb4 24.Rxb4 Bxf1 25.Bxf1 Ra8 26.Rc4 Qd8 27.Rc6 Qf6 28.Kg2 Qg6 29.Bd3 Rab8
30.Nb5 Rfd8 31.Qb4 Qg4 32.Nxd6 g6 33.Rxb6 Ra8 34.Rb7 Rf8 35.Rxf7 Rab8 36.Qc5 Qd1
37.Qc7 Rxf7 38.Qxf7+ Kh8 39.Qf6+ Kg8 40.Qe6+ Kg7 41.Qxe5+ Kg8 42.Nf5  1-0

[Event "Semana Santa LAB Open"]
[Site "Bogota COL"]
[Date "2012.04.05"]
[Round "3"]
[White "Ortiz Suarez,I"]
[Black "Fernandez,Li"]
[Result "1-0"]
[WhiteElo "2561"]
[BlackElo "2368"]

1.d4 Nf6 2.Nf3 e6 3.c4 b6 4.g3 Ba6 5.Qa4 Bb7 6.Bg2 c5 7.dxc5 bxc5 8.O-O Be7
9.Nc3 O-O 10.Rd1 Qb6 11.Bf4 h6 12.Qb5 Bc6 13.Qb3 Na6 14.Ne5 Bxg2 15.Kxg2 g5
16.Qxb6 axb6 17.Be3 Rfd8 18.f4 Nb4 19.fxg5 Nc2 20.Bd2 Nxa1 21.gxf6 Bxf6 22.Ng4 Bxc3
23.Bxc3 Nc2 24.Rd2 Nd4 25.Nxh6+ Kg7 26.Ng4 f5 27.Ne5 Kf6 28.Nf3 e5 29.Nxe5 Kxe5
30.e3 d5 31.exd4+ Ke4 32.a3 f4 33.Rd1 fxg3 34.hxg3 dxc4 35.Re1+ Kd3 36.dxc5 bxc5
37.g4 Re8 38.Rxe8 Rxe8 39.g5 Re6 40.Kf3 Kc2 41.a4 Rb6 42.Be5 Rxb2 43.g6 Rb6
44.g7 Rg6 45.a5 Kd3 46.a6 c3 47.a7  1-0

[Event "18th Metropolitan IM"]
[Site "Los Angeles USA"]
[Date "2012.04.14"]
[Round "7"]
[White "Kavutskiy,K"]
[Black "Akopyan,H"]
[Result "1/2-1/2"]
[WhiteElo "2302"]
[BlackElo "2243"]

1.d4 Nf6 2.c4 e6 3.Nf3 b6 4.g3 Ba6 5.Qa4 Bb7 6.Bg2 c5 7.dxc5 bxc5 8.O-O Qb6
9.Nc3 Be7 10.Rd1 O-O 11.Bf4 Rd8 12.Rab1 Ne8 13.h4 h6 14.a3 Bc6 15.Qc2 a5
16.g4 Bxf3 17.Bxf3 Nc6 18.Na4 Qa6 19.e3 d6 20.g5 e5 21.g6 exf4 22.gxf7+ Kh8
23.fxe8=Q+ Rxe8 24.Nc3 Rad8 25.Qe4 Ne5 26.Bh5 Rf8 27.Nd5 Bxh4 28.Nxf4 Qc8
29.Kg2 Bg5 30.Nd5 Nd7 31.Bg4 Rde8 32.Qg6 Ne5 33.Bxc8 Nxg6 34.Bg4 Re4 35.Be2 Nh4+
36.Kg1 Bd8 37.Nc3 Re6 38.Nb5 Nf5 39.Bd3 Bh4 40.Rd2 Rg6+ 41.Kh1 Be7 42.Rg1 Rgf6
43.Bxf5 Rxf5 44.Rg2 Rd8 45.Rd5 Rdf8 46.Kg1 Rxd5 47.cxd5 Rf5 48.Nc3 Bf6 49.Ne4 Rxd5
50.f4 Rd1+ 51.Kh2 Kh7 52.Nxf6+ gxf6 53.f5 Rf1  1/2-1/2

[Event "10th Nabokov Mem GM"]
[Site "Kiev UKR"]
[Date "2012.04.20"]
[Round "2.2"]
[White "Nyzhnyk,I"]
[Black "Soltanici,R"]
[Result "1/2-1/2"]
[WhiteElo "2585"]
[BlackElo "2397"]

1.d4 Nf6 2.c4 e6 3.Nf3 b6 4.g3 Ba6 5.Qa4 Be7 6.Bg2 O-O 7.O-O c6 8.Nc3 d5
9.Ne5 Qe8 10.cxd5 cxd5 11.Qxe8 Rxe8 12.f4 Bb4 13.f5 Bxc3 14.bxc3 Nbd7 15.c4 Nxe5
16.dxe5 Ne4 17.fxe6 fxe6 18.cxd5 exd5 19.Bb2 Bxe2 20.Rfe1 Bg4  1/2-1/2

[Event "ch-LTU 2012"]
[Site "Vilnius LTU"]
[Date "2012.04.21"]
[Round "1"]
[White "Malisauskas,V"]
[Black "Pileckis,E"]
[Result "1/2-1/2"]
[WhiteElo "2462"]
[BlackElo "2448"]

1.d4 Nf6 2.c4 e6 3.Nf3 b6 4.g3 Ba6 5.b3 Bb4+ 6.Bd2 Be7 7.Bg2 c6 8.Bc3 d5
9.Nbd2 Nbd7 10.O-O O-O 11.Re1 c5 12.cxd5 Nxd5 13.Bb2 Rc8 14.Rc1 N7f6 15.a3 cxd4
16.Nxd4 Qd7 17.Nc4 Rc5 18.Ne5 Qc7 19.Nec6 Bb7 20.Nxe7+ Qxe7 21.e4 Nc7 22.b4 Rxc1
23.Qxc1 Qd7 24.Nf3 Rc8 25.Bxf6 gxf6 26.Qf4 Ne8 27.e5 Qe7 28.Nh4 Bxg2 29.Nxg2 fxe5
30.Qxe5 Qf6 31.Qe2 Nd6 32.Nf4 Nf5 33.Rd1 Rd8 34.Nh5 Qg5 35.h4 Rxd1+ 36.Qxd1 Qe7
37.Qa1 Qd8 38.Qc1 Ng7 39.Nf4 e5 40.Ng2 Nf5 41.Qc6 Kg7 42.Qe4 Qf6 43.h5 Kh6
44.a4 Nd6 45.Qd3 Nf5 46.Qf3 Qg5 47.Qd5 f6 48.Qf7 Qg7 49.Qe8 Qe7 50.Qc8 Nd6
51.Qg8 f5 52.Ne3 Kxh5 53.a5 bxa5 54.bxa5 f4 55.Qg4+ Kh6 56.Nd5 Qg5 57.Qe6+ Qg6
58.Qxe5 fxg3 59.fxg3 Qb1+ 60.Kh2 Qc2+ 61.Kh3 Qf5+ 62.Qxf5 Nxf5 63.Kg4 Nd4
64.Kf4 a6 65.Ke5 Nc6+ 66.Kf6 Kh5 67.Kf5 Nd4+ 68.Kf4 Nc6 69.Nc7 Kg6 70.Nxa6 Nxa5  1/2-1/2

[Event "TCh-HUN 2011-12"]
[Site "Budapest HUN"]
[Date "2012.04.22"]
[Round "9"]
[White "Sarosi,Z"]
[Black "Rigo,Ja"]
[Result "0-1"]
[WhiteElo "2297"]
[BlackElo "2319"]

1.d4 Nf6 2.c4 e6 3.Nf3 b6 4.g3 Ba6 5.b3 b5 6.cxb5 Bxb5 7.Bg2 Bb4+ 8.Bd2 a5
9.O-O d5 10.Nc3 Ba6 11.Ne5 O-O 12.Qc2 Nfd7 13.Nd3 Nc6 14.e3 Bd6 15.Na4 Nb4
16.Bxb4 axb4 17.Rfc1 Qb8 18.e4 e5 19.Ndc5 Bb5 20.Nxd7 Bxd7 21.Nc5 Bc8 22.exd5 exd4
23.Qd2 Ra5 24.Ne4 Be7 25.Rc4 d3 26.Rac1 Ra7 27.Nc5 Bf5 28.Rxb4 Rxa2 29.Rxb8 Rxd2
30.Rxf8+ Bxf8 31.Ne4 Re2 32.f3 Bxe4 33.fxe4 d2  0-1

[Event "TCh-HUN 2011-12"]
[Site "Decs HUN"]
[Date "2012.04.22"]
[Round "9"]
[White "Eltigani,O"]
[Black "Csiszar,Z"]
[Result "1-0"]
[WhiteElo "2310"]
[BlackElo "2272"]

1.d4 Nf6 2.c4 e6 3.Nf3 b6 4.g3 Ba6 5.Qa4 Be7 6.Bg2 Bb7 7.O-O O-O 8.Nc3 c5
9.dxc5 bxc5 10.Rd1 Qb6 11.Bf4 Rd8 12.Nb5 d6 13.Qb3 Ne8 14.Qc2 a6 15.Nc3 Nd7
16.a3 Rac8 17.Rd2 Ndf6 18.e4 Bc6 19.Rad1 Qb7 20.Ne1 h6 21.h3 e5 22.Be3 Nc7
23.Rb1 Ne6 24.b4 Nd4 25.Bxd4 cxd4 26.Nd5 Bb5 27.Bf1 Nxd5 28.exd5 Bg5 29.Rdd1 Rxc4
30.Bxc4 Rc8 31.h4 Rxc4 32.Qa2 Qxd5 33.hxg5 Bc6 34.f3 e4 35.Rbc1 exf3 36.Qxc4 Qxg5
37.Qxc6 Qxg3+ 38.Kf1 Qh3+ 39.Kf2 Qh2+ 40.Kxf3 Qh3+ 41.Kf2 Qe3+ 42.Kf1  1-0

[Event "TCh-NED Meesterklasse 2011-12"]
[Site "Netherlands NED"]
[Date "2012.04.22"]
[Round "9.5"]
[White "Dambacher,M"]
[Black "Grooten,H"]
[Result "1-0"]
[WhiteElo "2496"]
[BlackElo "2333"]

1.d4 Nf6 2.c4 e6 3.Nf3 b6 4.g3 Ba6 5.Qa4 Bb7 6.Bg2 c5 7.dxc5 Bxc5 8.O-O O-O
9.Nc3 Be7 10.Bf4 Na6 11.Rfd1 Nc5 12.Qc2 a6 13.Rd4 d5 14.Ne5 Bd6 15.b4 Qc7
16.cxd5 g5 17.bxc5 Bxe5 18.cxb6 Qd6 19.Bxe5 Qxe5 20.Rad1 Rfd8 21.Qd2 Rac8
22.dxe6 Rxd4 23.Qxd4 Qxd4 24.Rxd4 Bxg2 25.exf7+ Kxf7 26.Kxg2 a5 27.Ne4 Rc2
28.b7  1-0

[Event "ch-LTU 2012"]
[Site "Vilnius LTU"]
[Date "2012.04.22"]
[Round "2"]
[White "Vedrickas,T"]
[Black "Labeckas,K"]
[Result "1/2-1/2"]
[WhiteElo "2318"]
[BlackElo "2407"]

1.d4 e6 2.Nf3 Nf6 3.c4 b6 4.g3 Ba6 5.Qc2 c5 6.Bg2 Bb7 7.d5 exd5 8.cxd5 d6
9.e4 g6 10.Nc3 Bg7 11.O-O O-O 12.h3 Re8 13.Be3 a6 14.a4 b5 15.Nd2 b4 16.Ncb1 Nbd7
17.Nc4 Nb6 18.Nbd2 a5 19.Bf4 Nxc4 20.Nxc4 Bf8 21.Rfe1 Nh5 22.Bxd6 Bxd6 23.e5 Bf8
24.Rad1 Qg5 25.h4 Qh6 26.Nb6 Ra6 27.Nd7 Bc8 28.e6 Bxd7 29.exd7 Rd8 30.Re8 Rxd7
31.Qxc5 Rad6 32.Qxa5 Qg7 33.Qa8 f5 34.a5 Nf6 35.Rb8 Qe7 36.a6 Kg7 37.Rb7 Qe2
38.Ra1 Qxb2 39.Re1 Qd2 40.Re8 Qd1+ 41.Bf1 Nxe8 42.Qxe8 Qxd5 43.Bg2 Qd1+ 44.Kh2 Rxb7
45.axb7 Rd8 46.Qe5+ Kh6 47.Qf4+  1/2-1/2

[Event "ch-LTU 2012"]
[Site "Vilnius LTU"]
[Date "2012.04.26"]
[Round "6"]
[White "Kveinys,A"]
[Black "Pileckis,E"]
[Result "1/2-1/2"]
[WhiteElo "2512"]
[BlackElo "2448"]

1.d4 Nf6 2.Nf3 e6 3.c4 b6 4.g3 Ba6 5.Qa4 c5 6.Bg2 Bb7 7.dxc5 bxc5 8.O-O Be7
9.Nc3 Qb6 10.Bf4 O-O 11.Qb5 Ne4 12.Qxb6 axb6 13.Nxe4 Bxe4 14.Rfd1 d5 15.cxd5 exd5
16.Bxb8 Raxb8 17.Ne5 Bf6 18.Bxe4 Bxe5 19.Bxd5 Rfd8 20.Rab1 Kf8 21.a4 Rd6
22.b3 Rbd8 23.e4 f5 24.Re1 fxe4 25.Bxe4 Rd2 26.Bxh7 Bd4 27.Re4 Rd6 28.Rf4+ Rf6
29.Rxf6+ gxf6 30.Kh1 Rxf2 31.Bd3 Rb2 32.Rxb2 Bxb2 33.Kg2 Kg7 34.Kf3 Bc3 35.Ke4  1/2-1/2

[Event "Torneio Nacional de Mestres 2012"]
[Site "Lisbon POR"]
[Date "2012.05.04"]
[Round "7.1"]
[White "Santos,AntonioP"]
[Black "Rego,P"]
[Result "0-1"]
[WhiteElo "2327"]
[BlackElo "2134"]

1.d4 Nf6 2.c4 e6 3.Nf3 b6 4.g3 Ba6 5.Qc2 Be7 6.Bg2 c6 7.O-O O-O 8.b3 d5 9.Bb2 Nbd7
10.Rd1 Rc8 11.Nc3 b5 12.c5 b4 13.Na4 Bb5 14.a3 bxa3 15.Rxa3 Ne4 16.Nc3 Nxc3
17.Bxc3 e5 18.Rxa7 e4 19.Ne5 Nxe5 20.dxe5 Bxc5 21.Ba5 Bb6 22.Bxe4 Bxa5 23.Bxh7+ Kh8
24.Qf5 Bb6 25.Rb7 Bxe2 26.Qh3 Bg4 27.Qxg4 Kxh7 28.e6 Bxf2+ 29.Kxf2 fxe6+
30.Kg2 Qf6 31.Re1 Rce8 32.Qh5+ Kg8 33.Qe5 Qf3+ 34.Kh3 Rf6  0-1

[Event "Ostravsky Konik A"]
[Site "Ostrava CZE"]
[Date "2012.05.04"]
[Round "7.2"]
[White "Tilicheev,V"]
[Black "Pacher,M"]
[Result "0-1"]
[WhiteElo "2366"]
[BlackElo "2402"]

1.Nf3 Nf6 2.c4 e6 3.d4 b6 4.g3 Ba6 5.Qa4 Bb7 6.Bg2 c5 7.dxc5 bxc5 8.O-O Be7
9.Nc3 O-O 10.Rd1 d6 11.Bf4 Qb6 12.Rd2 Ne4 13.Nxe4 Bxe4 14.g4 Nc6 15.Rad1 Rac8
16.Ne1 Bxg2 17.Kxg2 Qb7 18.Kg1 f5 19.gxf5 Rxf5 20.Bxd6 Bxd6 21.Rxd6 Nd4 22.f3 Nxe2+
23.Kh1 Rxf3 24.Ng2 Rcf8 25.Rd8 Qf7 26.Rxf8+ Qxf8  0-1